00597nam a22001697a 4500008004100000020002200041050002100063100003200084245005900116260002500175300001800200650003300218650003900251942000700290952011300297999001700410141013b xxu||||| |||| 00| 0 eng d a978-607-09-1150-704aKGF3541 A28 2012 aHERRERA ARROYO, Juaneautor 1aLegislación Educativa ComentadacJuan Herrera Arroyo aMéxicob: Porrúa a659 páginas a1. LEGISLACIÓN EDUCATIVA  a3. MAESTROS CONDICIÓN JURÍDICA cLB 00104070a22b22d2014-10-13l2m2oKGF3541 A28 2012p22 000655r2018-07-26s2018-07-14t1w2014-10-13yLB c94601d94601